Media Economics (Record no. 3974)

MARC details
000 -LEADER
fixed length control field 00388nam a22001697a 4500
005 - DATE AND TIME OF LATEST TRANSACTION
control field 20160625113316.0
008 - FIXED-LENGTH DATA ELEMENTS--GENERAL INFORMATION
fixed length control field 160625b xxu||||| |||| 00| 0 eng d
020 ## - INTERNATIONAL STANDARD BOOK NUMBER
ISBN 81-229-000-3
041 ## - LANGUAGE CODE
Language code of text/sound track or separate title eng
082 ## - DEWEY DECIMAL CLASSIFICATION NUMBER
Item number 10162
100 ## - MAIN ENTRY--AUTHOR NAME
Personal name Albrarran, Alan B
245 ## - TITLE STATEMENT
Title Media Economics
260 ## - PUBLICATION, DISTRIBUTION, ETC. (IMPRINT)
Name of publisher Surjeet
Year of publication 2003
300 ## - PHYSICAL DESCRIPTION
Number of Pages 204
650 ## - SUBJECT ADDED ENTRY--TOPICAL TERM
Topical Term Mass Communication
942 ## - ADDED ENTRY ELEMENTS (KOHA)
Koha item type Books
Holdings
Lost status Damaged status Home library Current library Shelving location Date acquired Cost, normal purchase price Full call number Accession Number Koha item type
    JRU Library   SHELF-31-I 25/06/2016 195.00 10162 10162 Books
    JRU Library   SHELF-31-I 25/06/2016 195.00 10162 10163 Books
    JRU Library   SHELF-31-I 25/06/2016 195.00 10162 10164 Books
    JRU Library   SHELF-31-I 25/06/2016 195.00 10162 10165 Books